000
00323nam a22001337a 4500
008
170822b xxu||||| |||| 00| 0 eng d
020
_a
3540170081
041
_a
eng
080
_a
51
100
_a
38
101
_a
MAT
245
_a
ENCYCLOPEDIA OF MATHEMATICAL SCIENCES ANLYSIS I
_c
GAMKRELIDZE.R.V
942
_2
udc
_c
BK
999
_c
24581
_d
24581